000 00996cam a22003017a 4500
003 CHAP
005 20220329142621.0
008 010926d2000 mx r 00110 spa d
010 _a85673
011 _a86645
020 _a0127753907
035 _a97184
040 _cCHAP
082 0 4 _a636.0896
_bZ3
100 0 0 _aZak, Oto
_eed.
_9123453
245 1 0 _aHandbook of animal models of infection :
_bexperimental models in antimicrobial chemotherapy
_c/ed. by Oto Zak, Merle A. Sande
260 _aSan Diego :
_bAcademic Press,
_c1999.
300 _a1136 p. :
_bilus. ; gráfs
590 _aBATCH-UPD
_b10
_c20130110
_lUCH01
_h0824
590 _aCONVERSION
_b10
_c20130109
_lUCH01
_h1348
650 1 4 _aEnfermedades infecciosas en animales.
_936936
650 1 4 _aQuimioterapia.
_993326
700 0 0 _aSande, Merle A.
_9102019
901 _aBK
905 _aAlejandra Carrasco M.
942 _cLIBRO
949 _a636.0896 Z3
_bBC
_cLIBRO
_d33724000865234
_eLIBRO
_h102482
_i97184
_kI.213420
_si
_t$ 2000.00
999 _c85673
_d85673